00484cam a2200169 i 450000100060000000300080000600500170001400800390003103500190007004000320008904100080012108200230012924500430015226000540019530000210024965000440027026801BD-RjUL20211209051053.0140323s1975 kn 000 0 eng a(BD-RjUL)26872 aDLCcDLCdDLCdBD-RjULbeng aeng00a951.9043bKOR 197500aKorea must be reunified independently. aPyongyang :bForeign Languages Pub. House,c1975. a174 p. ;c19 cm. 0aKorean reunification question (1945- )